00961cam a2200289 a 450000100090000000300050000900500170001400800410003101000170007201500190008901600180010802000250012603500390015103500240019004000440021404200210025804300120027905000280029108200170031910000520033624500700038826000300045830000210048860000520050965000510056165000590061215079615Nust20170313145253.0070525s2007 enk 000 0deng d a 2007534874 aGBA7409912bnb7 a0137558002Uk a9780330485258 (pbk.) a(OCoLC)137313035z(OCoLC)173498087 a(OCoLC)ocn137313035 aUKMcUKMdBTCTAdBWKUKdYDXCPdIXAdDLC aukscpalccopycat anwtr---00aPR9272.9.N32bW475 200704a823.914bNAI1 aNaipaul, V. S.q(Vidiadhar Surajprasad),d1932-12aA writer's people :bways of looking and feeling /cV.S. Naipaul. aLondon :bPicador,c2007. a193 p. ;c22 cm.10aNaipaul, V. S.q(Vidiadhar Surajprasad),d1932- 0aAuthors, Trinidadiany20th centuryvBiography. 0aAuthors, Trinidadiany20th centuryxIntellectual life.